000 00967nas a2200313 4500
001 BR0806748
003 BR-BrBNA
005 20231205112146.0
007 ta
008 230509b bl.|||p| |||| 00| 00por d
040 _aBR-BrBNA
_bpor
_cBiblioteca Nacional de Agricultura
041 _a(Pt)
072 _aL72
100 1 _aMoraes, F.R.
100 1 _aMoretto, L.H.
100 1 _aBresolin, W.S.
100 1 _aGabrielli, I.
100 1 _aKafer, L.
100 1 _aZanchet, I.K.
100 1 _aSonaglio, F.
100 1 _aSoccol, V.T.
245 1 _aResistência anti-helmíntica em rebanhos ovinos da região da associação dos municípios do alto irani (AMAI), oeste de Santa Catarina
650 _aOVINO
650 _aANTI-HELMÍNTICO
650 _aSANTA CATARINA
773 0 _tCiência Animal Brasileira (Brazil)
_xISSN 1518-2797
_g(Jul-Sep 2007), v. 8(3) p. 559-565
_wBR0806748
909 _a202311
_bLúcia
_c55
_dLúcia Elande
942 _2AGRIS
_n0
_cANA
999 _c196424
_d196424